000
00318nam a22001337a 4500
008
171030b xxu||||| |||| 00| 0 eng d
020
_a
0697042235
041
_a
eng
080
_2
2ND
_a
33
100
_a
58
101
_a
BUS
245
_a
COMMUNICATION FOR BUSINESS AND THE PROFESSIONS
_c
BRADLEY,P,H
942
_2
udc
_c
BK
999
_c
36507
_d
36507